01306nam a22003017ia450000100060000000300050000600500170001100800410002801500150006904000320008404100190011608200160013508200160015124501420016726000380030930000260034750001610037354600230053460000430055765500390060077401180063985200120075794200180076995201690078798100200095698200110097699900170098785844ItRI20260429122851.0260429s1973 it |||||| ||||| |ita|c 2ITa762979 bitaaM-RABAcM-RABAdM-RABA 7aita2ISO-639-2 a720.945217 a720.94521800aMostra vanvitelliana b: catalogo dei documenti e dei modelli : Napoli, Palazzo Reale, 5 novembre 1973-13 gennaio 1974c/ Banco di Napoli aNapolib: Banco di Napolic, 1973 a48 p. :bil. ;c24 cm aEn port.: Istituto di storia dell'architettura dell'Universita di Napoli; Soprintendenza alle gallerie della Campania; Archivio storico del Banco di Napoli. aTexto en italiano.17aVanvitelli, Luigi (d1700-1773)925115 4aCatálogos de exposiciones9453360 wIT\ICCU\NAP\0244564tModelli architettonici della raccolta vanvitelliana di Casertag2aFiengo, Giuseppe (1937- ) jF-16115 cFONDOMODERn0 00102ddc4070aRABASFbRABASFcDP2d2026-04-29eDi48187l0oF-16115p1097140r2026-04-29 12:29:19w2026-04-29yFONDOMODERzDonación de Vincenzo Giuseppe Sabini 16z01ai bxxxe  16z01an c85844d85844